000
00431nam a2200145Ia 4500
008
100204s9999 xx 000 0 und d
082
_b
8147
100
_a
गोवंडे श्रीकांत
245
_a
120 गोष्टी
260
_b
"अनमोल प्रकाशन, पुणे"
_c
1985
300
_a
98
630
_a
120 गोष्टी
730
_a
120 गोष्टी
942
_c
BOOK
999
_c
452583
_d
452580